| 000 | 00481nam a2200181 a 4500 | ||
|---|---|---|---|
| 001 | 3302 | ||
| 003 | CDMR | ||
| 005 | 20131024122911.0 | ||
| 008 | 130130s1978||||||||||||||||||||||||||||d | ||
| 040 |
_aCDMR _bcat _cCDMR |
||
| 100 | 1 |
_aEschenbach, J. _92392 |
|
| 245 | 1 | 0 |
_aRadiodifusión para la innovación _cJosef Eschenbach |
| 246 | 1 | _aThe role of broadcasting in rural communication | |
| 260 |
_aQuito _c1978 _bEpoca |
||
| 300 | _a208 p. | ||
| 490 |
_aIntiyan _v8 |
||
| 942 |
_cMON _2udc |
||
| 999 |
_c3302 _d3302 |
||